000 00978cad a22002055a 4500
001 L151377
008 101028u2010 xxk f 000 0 eng d
035 _a(Sirsi) u151377
041 0 _aeng
050 0 4 _a333.72 $2 18
110 2 _aPrince's Foundation
_94146
245 0 4 _aThe Prince's foundation for the built environment
_h[electronic resource]
260 _aLondon
_bThe Prince's Foundation for the Built Environment
_c2010
520 _aThe Prince's Foundation for the Built Environment is a charity which exists to improve the quality of people's lives by teaching and practising timeless and ecological ways of planning, designing and building; the RICS is a partner organisation.
590 _aKA NTK
651 4 _aUnited Kingdom
_y
690 _aENVIRONMENTAL AND LAND CONSULTANCY-SUSTAINABILITY-SUSTAINABLE DEVELOPMENT
856 4 0 _uhttps://www.princes-foundation.org/index.php?id=1
_zView the website free of charge at www.princes-foundation.org
942 _n0
999 _c120881
_d120881